Μουσείο Μπενάκη, οδηγός του μουσείου ισλαμικής τέχνης

Αποθηκεύτηκε σε:
Λεπτομέρειες βιβλιογραφικής εγγραφής
Συγγραφή απο Οργανισμό/Αρχή: Μουσείο Μπενάκη
Άλλοι συγγραφείς: Μπαλλιάν, Άννα (edtf)
Μορφή: Βιβλίο
Γλώσσα:Greek
Δημοσίευση: [Αθήνα] : Μουσείο Μπενάκη, c2006.
Θέματα:
Ετικέτες: Προσθήκη ετικέτας
Δεν υπάρχουν, Καταχωρήστε ετικέτα πρώτοι!

MARC

LEADER 00000cam a2200000 a 4500
001 1/121982
008 200824t2006####gr | ||| |||| ||gre||
020 |a 9608347351 
040 |a GR-MyUa  |b gre  |c GR-MyUa  |e AACR2 
041 0 |a gre 
082 7 |a 708.9495   |2 (23) 
245 1 0 |a Μουσείο Μπενάκη, οδηγός του μουσείου ισλαμικής τέχνης /   |c επιμέλεια Άννα Μπαλλιάν.  
260 |a [Αθήνα] :   |b Μουσείο Μπενάκη,   |c c2006.  
300 |a 199 σ. :   |b έγχ. εικ. ;   |c 24 εκ.  
650 0 |a Art museums  |z Greece  |z Athens. 
650 0 |a Museums  |z Greece  |z Athens. 
650 0 |a Islamic art. 
700 1 |a Μπαλλιάν, Άννα,  |e edtf 
710 2 |a Μουσείο Μπενάκη. 
852 |a INST  |b SAMOS  |e 20200824  |h 708.9495 ΜΟΥ  |p 005300046713  |q 005300046713  |t BK  |y 0 
920 |a Θρασυβούλου  |b Δημήτρης  |y Σάμος  |z 2020-01 
970 |a Φιλιππή   |b Φάλη  |z 24-08-2020